000 01086nas a2200361 4500
001 BR0306169
003 BR-BrBNA
005 20231205104226.0
007 ta
008 230509b bl.|||p| |||| 00| 00por d
040 _aBR-BrBNA
_bpor
_cBiblioteca Nacional de Agricultura
041 _a(Pt)
072 _aL53; L02
100 1 _aGentilini, F.P.
100 1 _aDallanora, D.
100 1 _aBernardi, M.L.
100 1 _aWentz, I.
100 1 _aBortolozzo, F.P.
245 1 _aComportamento de leitoas gestantes submetidas a dietas com baixo ou alto nível de fibra e mantidas em gaiolas ou em baias
650 _aLEITÃO
650 _aDIETA
650 _aFIBRA BRUTA
650 _aBAIA
650 _aGAIOLA
650 _aPOSTURA
650 _aREPRODUÇÃO ARTIFICIAL
650 _aPRENHEZ
650 _aESTATÍSTICA
650 _aCOMPORTAMENTO ANIMAL
773 0 _tArquivo Brasileiro de Medicina Veterinária e Zootecnia (Brazil)
_xISSN 0102-0935
_g(Oct 2003), v. 55(5) p. 599-605
_wBR0306169
909 _a202311
_bLúcia
_c55
_dLúcia Elande
942 _2AGRIS
_n0
_cANA
999 _c177033
_d177033